000 00209 a2200109 4500
020 _a9781490490564
041 _aeng
100 _aJana Deleon
245 _aResurrection in Mudbug
942 _cBK
952 _71
999 _c19259
_d19259